| 000 | 00842nam a2200265Ia 4500 | ||
|---|---|---|---|
| 003 | OSt | ||
| 005 | 20220928130544.0 | ||
| 006 | a|||||r|||| 00| 0 | ||
| 007 | ta | ||
| 008 | 220927b |||||||| |||| 00| 0 eng d | ||
| 020 | _c10858.299999999999 | ||
| 024 | _a108947 | ||
| 037 |
_b111, 17/08/2010, N.R.Book Distributors _cTextual |
||
| 040 |
_aSDCL _cSDCL _beng |
||
| 041 |
_2eng _aeng |
||
| 082 | _aG9X, Q0 | ||
| 100 |
_aSoetaert Wim Ed. _9474532 |
||
| 245 | 0 |
_aIndustrial biotechnology _b Sustainable growth and economic success. |
|
| 260 |
_aWeinheim _bWiley-VCH _c2010 |
||
| 300 |
_axxi,499p. _ccm. |
||
| 650 | _aMicrobiology | ||
| 700 |
_a Vandamme Erick J Ed. _9474533 |
||
| 942 |
_hG9X, Q0 _cTEXL _2CC |
||
| 999 |
_c787104 _d787104 |
||